000 00538nam a2200193 a 4500
005 20240228063827.0
008 991125c1995 e.u 000 0 spa u
035 _aUPN01000028818
049 _aI
050 4 _aPZ78
_bM6.38
100 1 _aMoncure, Jane Belk
_929341
245 1 3 _aLa honradez /
_cil. por Paul Kareh.
260 _aE.U.A. :
_bThe Child's World,
_c1995.
300 _a29 p. :
_bil., col.
440 0 _aValores para la vida
650 4 _aHONRADEZ
_99297
650 4 _aLibros y lectura para niƱos
_92290
905 _aInfantil
999 _c28818
_d28818